000 00728nam a2200253Ia 4500
003 OSt
005 20220928102454.0
006 a|||||r|||| 00| 0
007 ta
008 220927b |||||||| |||| 00| 0 eng d
020 _c260
024 _a100044
037 _b94, 28/09/2009, Swaraj Prakashan
_cTextual
040 _aSDCL
_cSDCL
_beng
041 _2eng
_aeng
082 _aO152,3M80:g, P8
100 _aToki Rajendra Ed.
_9398469
245 0 _aGodan
_b Drishti-Pratidrishti.
260 _aDelhi
_bVimla Books
_c2008
300 _a160p.
_ccm.
650 _aHindi
_9391598
942 _hO152,3M80:g, P8
_cTEXL
_2CC
999 _c714335
_d714335